Economía laboral moderna / (Record no. 52607)

MARC details
000 -LEADER
campo de control de longitud fija 00591nam a2200181 i 4500
001 - NÚMERO DE CONTROL
campo de control 52607
003 - IDENTIFICADOR DE NÚMERO DE CONTROL
campo de control ES-MaACL
005 - FECHA Y HORA DE LA ÚLTIMA TRANSACCIÓN
campo de control 20230906162617.0
007 - CAMPO FIJO DE DESCRIPCIÓN FÍSICA--INFORMACIÓN GENERAL
campo de control de longitud fija t|
008 - DATOS DE LONGITUD FIJA--INFORMACIÓN GENERAL
campo de control de longitud fija 030901s1960 ag ||||1| spa d
100 1# - ENTRADA PRINCIPAL--NOMBRE DE PERSONA
Nombre de persona Davis, Pearce.
9 (RLIN) 42983
245 10 - MENCIÓN DEL TÍTULO
Título Economía laboral moderna /
Mención de responsabilidad, etc. Pearce Davis, Gerald J. Matchett ; traducción directa del inglés por R. Boch.
260 ## - PUBLICACIÓN, DISTRIBUCIÓN, ETC.
Lugar de publicación, distribución, etc. Buenos Aires :
Nombre del editor, distribuidor, etc. Editorial Bibliográfica-Argentina,
Fecha de publicación, distribución, etc. [1960]
300 ## - DESCRIPCIÓN FÍSICA
Extensión 682 p. ;
Dimensiones 24 cm.
700 1# - ENTRADA AGREGADA--NOMBRE PERSONAL
Nombre de persona Matchett, Gerald J.
9 (RLIN) 78928
700 1# - ENTRADA AGREGADA--NOMBRE PERSONAL
Nombre de persona Boch, Juan R.
9 (RLIN) 29669
852 ## - LOCALIZACIÓN
Ubicación ES-MaACL
Número de control de estantería C-24601
Sublocalización o colección R.53526
Holdings
Estatus retirado Estado de pérdida Estado de daño No para préstamo Biblioteca de origen Biblioteca actual Ubicación en estantería Fecha de adquisición Fuente de adquisición Total de préstamos Signatura topográfica completa Código de barras Visto por última vez Precio de reemplazo Tipo de ítem Koha
        Biblioteca del Ateneo de Madrid Biblioteca del Ateneo de Madrid Depósito 2 17/01/2008     C-24601 1055290 23/02/2023 23/02/2023 Libro impreso